| 000 | 00441nam a2200181Ia 4500 | ||
|---|---|---|---|
| 001 | 5105 | ||
| 005 | 20260306145844.0 | ||
| 008 | 260306t1976||||xx |||||||||||||| ||spa|| | ||
| 041 | _aESP | ||
| 082 |
_a333.0985 _bV19 |
||
| 100 |
_aValderrama, Mariano _eAUT |
||
| 245 | 0 | _a7 años de reforma agraria peruana 1969-1976 | |
| 260 | _c1976 | ||
| 300 |
_a632 páginas : _c20 cm. |
||
| 650 | _aGEN | ||
| 654 | _aCAN | ||
| 942 |
_cLIB _dJUS _fJUS _2ddc _n |
||
| 999 |
_c5105 _d5105 |
||